Normal view
MARC view
Entry Personal Name
001 - CONTROL NUMBER
- control field: 24029
003 - CONTROL NUMBER IDENTIFIER
- control field: dpl
005 - DATE AND TIME OF LATEST TRANSACTION
- control field: 20101028161120.0
008 - FIXED-LENGTH DATA ELEMENTS
- fixed length control field: 101028|||a|||||| | ||| d
040 ## - CATALOGING SOURCE
- Original cataloging agency: dpl
- Transcribing agency: dpl
100 ## - HEADING--PERSONAL NAME
- Personal name: Steel, Danielle
670 ## - SOURCE DATA FOUND
- Source citation: Work cat.: (dpl)35909: Steel, Danielle , A good woman /, 2008
670 ## - SOURCE DATA FOUND
- Source citation: Work cat.: (dpl)35909: Steel, Danielle , A good woman /, 2008
